|
|
|
|
| LEADER |
00766cam a2200241 7i4500 |
| 001 |
0000004307 |
| 005 |
20020324090000.0 |
| 010 |
# |
# |
|a 86016702
|
| 020 |
0 |
0 |
|a 0444426752
|
| 035 |
0 |
0 |
|a 0084-69560
|
| 090 |
0 |
0 |
|a QH 344
|b B615
|
| 245 |
0 |
0 |
|a Biogeochemical processes at the land-sea boundary
|c edited by Pierre Lasserre and Jean-Marie Martin.
|
| 260 |
0 |
0 |
|a Amsterdam:
|b Elsevier,
|c 1986.
|
| 300 |
# |
# |
|a 214p.:
|b ill.;
|c 25cm.
|
| 490 |
0 |
0 |
|a Elsevier oceanography series;
|v 43
|
| 500 |
0 |
0 |
|a Available at Bintulu Branch.
|
| 650 |
0 |
0 |
|a Seashore ecology.
|
| 650 |
0 |
0 |
|a Coastal ecology.
|
| 650 |
0 |
0 |
|a Biogeochemical cycles.
|
| 700 |
1 |
1 |
|a Martin, Jean-Marie.
|
| 700 |
1 |
1 |
|a Lasserre, Pierre.
|
| 740 |
0 |
0 |
|a Land-sea boundary.
|
| 999 |
|
|
|a 1000392846
|b Book
|c Open Shelf
|e KOLEKSI TERBUKA
|